Diaspora-Romania - Statistics

General Stats
  • This quiz has been taken 310 times
  • The average score is 24 of 31
Answer Stats
Number of immigrants Continent Country % Correct
468.984 North America United States of America
98%
657.000 Europe Germany
97%
1.190.091 Europe Italy
97%
673.017 Europe Spain
97%
411.000 Europe United Kingdom
97%
200.000 South America Brazil
94%
204.625 North America Canada
94%
14.000 Asia/ Europe Turkey
91%
200.000 Europe France
90%
30.924 Europe Hungary
86%
82.949 Europe Austria
83%
31.505 Europe Portugal
83%
10.000 South America Argentina
82%
27.974 Europe Sweden
82%
20.998 Oceania Australia
81%
11.068 Europe Norway
80%
65.768 Europe Belgium
79%
23.020 Europe the Netherlands
79%
29.332 Europe Serbia
78%
21.593 Europe Switzerland
78%
150.989 Europe Ukraine
78%
46.523 Europe Greece
77%
24.422 Europe Denmark
75%
17.995 Europe Ireland
71%
5.069 Europe Czech Republic
70%
10.000 Asia Japan
68%
205.600 Asia Israel
63%
10.000 South America Venezuela
52%
6.444 Asia United Arab Emirates
49%
24.376 Europe Cyprus
33%
14.666 Asia Kazakhstan
30%
No matching quizzes found
Score Distribution
Percent of People with Each Score
Percentile by Number Answered
Your Score History
You have not taken this quiz